ბათუმის შოთა რუსთაველის სახელმწიფო უნივერსიტეტის ბიბლიოთეკა

Технологические расчеты установок переработки нефти. (ბიბ.ჩანაწერი № 37081)

000 -LEADER
fixed length control field 00768nam a2200217Ia 4500
001 - CONTROL NUMBER
control field 3037
003 - CONTROL NUMBER IDENTIFIER
control field GE_BSU
008 - FIXED-LENGTH DATA ELEMENTS--GENERAL INFORMATION
fixed length control field 181216s||||||||xx |||||||||||||| ||und||
040 ## - CATALOGING SOURCE
Transcribing agency GE_BSU
080 ## - UNIVERSAL DECIMAL CLASSIFICATION NUMBER
Universal Decimal Classification number 665.63(075.8)
100 ## - MAIN ENTRY--PERSONAL NAME
Personal name Танатанов,М.А. Ахметшина,М.Н. Фасхутдинов,Р.А.
245 ## - TITLE STATEMENT
Title Технологические расчеты установок переработки нефти.
245 ## - TITLE STATEMENT
Remainder of title Учебное пособие для вузов.
245 ## - TITLE STATEMENT
Statement of responsibility, etc. Ред. И.А.Захарьянц.
260 ## - PUBLICATION, DISTRIBUTION, ETC.
Place of publication, distribution, etc. М.
260 ## - PUBLICATION, DISTRIBUTION, ETC.
Name of publisher, distributor, etc. Химия.
260 ## - PUBLICATION, DISTRIBUTION, ETC.
Date of publication, distribution, etc. 1987.
300 ## - PHYSICAL DESCRIPTION
Extent 352 стр. 22 см.
653 ## - INDEX TERM--UNCONTROLLED
Uncontrolled term Технологические расчеты установок переработки нефти.
942 ## - ADDED ENTRY ELEMENTS (KOHA)
Koha item type წიგნი
ეგზემპლარები
Withdrawn status Lost status Damaged status Not for loan Date acquired Barcode Date last seen Price effective from Koha item type
        2018-12-17 9491 2018-12-17 2018-12-17 წიგნი
        2018-12-17 9462 2018-12-17 2018-12-17 წიგნი